Признание: элегии русских поэтов XIX века; Золотой век русской элегии

Dades bibliogràfiques
Altres autors: Фризман Л. Г. (составитель), Волхонская Г. С. (иллюстратор)
Idioma:rus
Publicat: Москва, Детская литература, 1987
TOC:Л. Г. Фризман, Золотой век русской элегии;
Col·lecció:Школьная библиотека
Matèries:
Format: MixedMaterials Llibre
KOHA link:https://koha.lib.tpu.ru/cgi-bin/koha/opac-detail.pl?biblionumber=111372

MARC

LEADER 00000nam0a2200000 4500
001 111372
005 20231101215007.0
020 |a RU  |b 87-49729 
035 |a (RuTPU)RU\TPU\book\120273 
090 |a 111372 
100 |a 20070314d1987 am y0rusy5003 ca 
101 0 |a rus 
102 |a RU 
105 |a a z 001gy 
200 1 |a Признание  |e элегии русских поэтов XIX века  |f сост. Л. Г. Фризман; худож. Г. С. Волхонская 
210 |a Москва  |d 1987  |c Детская литература 
215 |a 286 с.  |c ил. 
225 1 |a Школьная библиотека 
320 |a Примечания: с. 256-276. 
320 |a Словарь мифологических имен и названий, устаревших и малоупотребительных слов: с. 277-279. 
464 |t Золотой век русской элегии  |o предисловие  |f Л. Г. Фризман  |a Шишков, Александр Ардалионович 
606 1 |a Русская литература, дореволюционная  |2 stltpush  |3 (RuTPU)RU\TPU\subj\26371  |9 50314 
610 1 |a художественная литература 
610 1 |a поэзия 
610 1 |a 19 век 
610 1 |a Золотой Век 
675 |a Р1  |v 3 
702 1 |a Фризман  |b Л. Г.  |4 220 
702 1 |a Волхонская  |b Г. С.  |4 440 
801 0 |a RU  |b RuMRKP  |c 19950417  |g psbo 
801 1 |a RU  |b 63413507  |c 20070314  |g PSBO 
801 2 |a RU  |b 63413507  |c 20220131  |g PSBO 
942 |c BK